Estratigrafía: (Registro nro. 30323)

Detalles MARC
000 -LÍDER
campo de control de longitud fija 02331nam a22002417a 4500
005 - FECHA Y HORA DE LA ÚLTIMA TRANSACCIÓN
campo de control 20221027150018.0
008 - ELEMENTOS DE DATOS DE LONGITUD FIJA - INFORMACIÓN GENERAL
campo de control de longitud fija 221027b |||||||| |||| 00| 0 eng d
020 ## - NÚMERO ESTÁNDAR INTERNACIONAL DE LIBROS
ISBN 8472070743
041 ## - ÓDIGO DE IDIOMA
Código de idioma spa
082 ## - NÚMERO DE CLASIFICACIÓN DECIMAL DEWEY
Edición Dewey 21a ed.
Número de clasificación 551.7
Notación interna V47
100 ## - NOMBRE - AUTOR PERSONAL
9 (RLIN) 23046
Apellidos, Nombres Vera Torres, Juan Antonio
Función (autor / editor / compilador, etc.) autor
245 ## - TÍTULO DEL LIBRO
Título Estratigrafía:
Subtitulo: principios y métodos /
Mención de responsabilidad: Juan Antonio Vera Torres
260 ## - CIUDAD : EDITORIAL, AÑO DE PUBLICACIÓN
Ciudad de publicación: Madrid :
Editorial: Editorial Rueda,
Año de publicación: 1994
300 ## - DESCRIPCIÓN FÍSICA
Paginas, Volumen: XVI pp., 806 p. :
Ilustraciones, gráficos, tablas, etc.: fig., maps., il. ;
Dimensión (en centímetros): 24 cm.
500 ## - NOTA GENERAL
Nota general Incluye epílogo, glosario, índice analítico, clave de abreviaturas utilizadas en el texto (incluidas unidades de medida).
504 ## - NOTA DE BIBLIOGRAFÍA, ETC.
Nota de Bibliografía, etc. Bibliografía: p. 755-768
505 ## - NOTA DE CONTENIDO:
Nota de contenido 1. Concepto e historia de la Estratigrafía -- 2. Estrato y estratificación -- 3. Las rocas estratificadas en el contexto del ciclo geológico -- 4. El tiempo en Geología -- 5. Métodos de estudio de las rocas estratificadas -- 6. Facies -- 7. Asociaciones de facies -- 8. Unidades litoestratigráficas -- 9. Criterios de polaridad vertical y horizontal -- 10. Continuidad y discontinuidad: Tipos y génesis de discontinuidades -- 11. Secciones estratigráficas -- 12. Bioestratigrafía -- 13. Magnetoestratigrafía -- 14. Quimioestratigrafía -- 15. Los eventos en el registro estratigráfico -- 16. La ciclicidad en el regfistro estratigráfico -- 17. Correlaciones estratigráficas -- 18. Mapas estratigráficos -- 19. Nomenclatura estratigráfica -- 20. Cambios relativos del nivel del mar. Secciones transgresivas y regresivas -- 21. La Estratigrafía sísmica y secuencial -- 22. Análisis de cuencas.
520 ## - RESUMEN, ETC.
Resuem, etc. En este apartado, último del libro, se van a hacer unas reflexiones sobre algunos aspectos globalesde la Estratigrafía, incluidas las opiniones personales del autor sobre el posible desarrollo futuro de esta ciencia. En el prólogo se justifica el contenido de este libro y la exclusión del mismo de los aspectos aplicados por considerar que hay libros y monografías que los abordan ampliamente, pero ya se insistía allí en la idea de que se trata de una ciencia con una doble faceta (básica y ampliada) como también ocurre con algunas otras ciencias geológicas.
650 #0 - MATERIA-- DESCRIPTOR TEMÁTICO:
9 (RLIN) 23069
Descriptor TEMÁTICO: ESTRATIGRAFÍA
650 #0 - MATERIA-- DESCRIPTOR TEMÁTICO:
9 (RLIN) 23070
Descriptor TEMÁTICO: GEOLOGÍA ESTRATIGRÁFICA
942 ## - ELEMENTOS DE ENTRADA AGREGADOS (KOHA)
Tipo de Recurso 1. LIBROS
Fecha procesamiento 2022-10-27
Siglas del catalogador JATL
Existencias
Sistema de clasificación: Biblioteca de Origen: Biblioteca Actual: Fecha de adquisición: Número de inventario: Signatura topográfica: Código de barras: Tipo de ítem Koha: Date last seen Salidas totales Lost status
Dewey Decimal Classification Biblioteca Especializada de Ingeniería de Minas y Met. Biblioteca Especializada de Ingeniería de Minas y Met. 27/10/2022 1701 551.7 V47 FIMGM1701 1. LIBROS 27/10/2022